Top 25 des plus gros succès du box-office français - Statistiques

Statistiques générales
  • Ce quiz a été pris 93 fois
  • Le résultat moyen est 6 sur 25
Statistiques - réponses
Classement Date de sortie Réponse % Correct
3 2011 Intouchables
72%
2 2008 Bienvenue chez les Ch'tis
70%
1 1997 Titanic
63%
6 2009 Avatar
58%
4 1966 La Grande Vadrouille
54%
16 2014 Qu'est ce qu'on a fait au Bon Dieu
46%
8 2002 Asterix et Obelix - Mission Cleopatre
34%
12 1993 Les Visiteurs
34%
19 1965 Le Corniaud
31%
25 1994 Le Roi Lion
22%
7 1939 Autant en emporte le vent
16%
11 1959 Ben-Hur
13%
22 2000 Taxi 2
12%
10 2022 Avatar - La Voie de l'eau
11%
18 1950 Cendrillon
8%
5 1968 Il était une fois dans l'Ouest
7%
14 1952 Le Petit Monde de Don Camillo
7%
21 2006 Les Bronzés 3 - Amis pour la vie
6%
9 1956 Les Dix Commandements
6%
23 1985 Trois hommes et un couffin
6%
17 1962 Le Jour le plus long
5%
20 2015 Star Wars - Le Réveil de la Force
2%
15 1937 La Grande Illusion
1%
13 1957 Le Pont de la rivière Kwaï
1%
24 1961 Les Canons de Navarone
0%
Aucun quiz correspondant
Distribution des résultats
% des personnes avec chaque résultat
Percentile par nombre de réponses
Votre historique - résultats
Vous n’avez pas pris ce quiz